Learning Resource and Development

Industrial marine fisheries (Record no. 4391)

MARC details
000 -LEADER
fixed length control field 00632nam a22002177a 4500
005 - DATE AND TIME OF LATEST TRANSACTION
control field 20230512222050.0
008 - FIXED-LENGTH DATA ELEMENTS--GENERAL INFORMATION
fixed length control field 180511t xxu||||| |||| 00| 0 eng d
020 ## - INTERNATIONAL STANDARD BOOK NUMBER
International Standard Book Number 9789351111535
040 ## - CATALOGING SOURCE
Transcribing agency CSPC
082 0# - DEWEY DECIMAL CLASSIFICATION NUMBER
Classification number 338.3727
Item number B111i
100 ## - MAIN ENTRY--PERSONAL NAME
Personal name Baalachandran, P. S.,
Relator term author.
245 00 - TITLE STATEMENT
Title Industrial marine fisheries
Statement of responsibility, etc. P. S. Baalachandran
260 ## - PUBLICATION, DISTRIBUTION, ETC.
Place of publication, distribution, etc. India :
Name of publisher, distributor, etc. Random Publicatons,
Date of publication, distribution, etc. 2013.
300 ## - PHYSICAL DESCRIPTION
Extent 280 pages :
Dimensions 24 cm.
500 ## - GENERAL NOTE
General note Includes Index.
650 10 - SUBJECT ADDED ENTRY--TOPICAL TERM
Topical term or geographic name entry element Fisheries.
940 ## - EQUIVALENCE OR CROSS-REFERENCE--UNIFORM TITLE [OBSOLETE] [CAN/MARC only]
Uniform title <a href="123">123</a>
942 ## - ADDED ENTRY ELEMENTS (KOHA)
Koha item type
-- CIR 338.3727 B111i 2013
Holdings
Withdrawn status Lost status Damaged status Not for loan Home library Current library Shelving location Date acquired Total Checkouts Full call number Barcode Date last seen Copy number Price effective from Koha item type
        Main Library Main Library Circulation Section 05/12/2023   CIR 338.3727 B111i 2013 014520 05/12/2023 1 05/12/2023 Books